000 01266 a2200229 4500
003 Nust
005 20221214103945.0
010 _a 88025562
020 _a8120307208
040 _cNust
082 0 0 _a621.3822,OPP
100 1 _aOppenheim, Alan V.,
_969572
245 1 0 _aDiscrete-time signal processing /
_cAlan V. Oppenheim, Ronald W. Schafer.
260 _aEnglewood Cliffs, N.J. :
_bPrentice Hall,
_cc1989.
300 _axv, 879 p. :
_bill. ;
_c25 cm.
440 0 _aPrentice-Hall signal processing series
_9102988
505 _aDiscrete Time Signals and Systems (Page-8), Sampling of Continuous-Time Signals (Page-80), The z- Transform (Page-140), Transform Analysis of Linear Time-Invarlant Systems (Page-202), Structures for Discrete-Time Systems (Page-290), Filter Design Techniques (Page-403), The Discrete Fourier Transform (Page-514), Computation of the Discrete Fourier Transform (Page-581), Discrete Hilbert Transforms (Page-662), Fourier Analysis of Signals using the Discrete fourier Transform (Page-695), Cepstrum Analysis and Homomorphic Deconvolution (Page-768).
650 0 _aTelecommunication Engineering.
651 _aTelecommunications engineering - (E-BOOK)
_9104813
700 1 _aSchafer, Ronald W.,
_d1938-
_983396
942 _2ddc
_cBK
999 _c179130
_d179130